000
00273nam a2200109Ia 4500
008
190216s9999||||xx |||||||||||||| ||und||
100
_a
Ghosh P.K
245
0
_a
Introduction To Cost Accounting
260
_b
Prentice Hall Of India Pvt Ltd
_c
1968
300
_a
521p
942
_c
BK
999
_c
3892
_d
3892